Biofuels engineering process technology / (Record no. 13447)

MARC details
000 -LEADER
fixed length control field 01351cam a2200373 a 4500
001 - CONTROL NUMBER
control field 15334333
005 - DATE AND TIME OF LATEST TRANSACTION
control field 20170119145622.0
008 - FIXED-LENGTH DATA ELEMENTS--GENERAL INFORMATION
fixed length control field 080618s2008 nyuab b 001 0 eng
010 ## - LIBRARY OF CONGRESS CONTROL NUMBER
LC control number 2008027103
015 ## - NATIONAL BIBLIOGRAPHY NUMBER
National bibliography number GBA853907
Source bnb
016 7# - NATIONAL BIBLIOGRAPHIC AGENCY CONTROL NUMBER
Record control number 014583480
Source Uk
020 ## - INTERNATIONAL STANDARD BOOK NUMBER
International Standard Book Number 9780071487498 (alk. paper)
020 ## - INTERNATIONAL STANDARD BOOK NUMBER
International Standard Book Number 0071487492 (alk. paper)
035 ## - SYSTEM CONTROL NUMBER
System control number (OCoLC)222151600
Canceled/invalid control number (OCoLC)144224060
035 ## - SYSTEM CONTROL NUMBER
System control number (OCoLC)ocn222151600
040 ## - CATALOGING SOURCE
Original cataloging agency DLC
Transcribing agency DLC
Modifying agency BTCTA
-- BAKER
-- YDXCP
-- UKM
-- C#P
-- BWX
-- CDX
-- IXA
-- AGL
-- DLC
050 00 - LIBRARY OF CONGRESS CALL NUMBER
Classification number TP339
Item number .D73 2008
070 0# - NATIONAL AGRICULTURAL LIBRARY CALL NUMBER
Classification number TP339
Item number .D73 2008
082 00 - DEWEY DECIMAL CLASSIFICATION NUMBER
Classification number 662.88
Edition number 22
Item number DRA
100 1# - MAIN ENTRY--PERSONAL NAME
Personal name Drapcho, Caye M.
9 (RLIN) 11611
245 10 - TITLE STATEMENT
Title Biofuels engineering process technology /
Statement of responsibility, etc Caye M. Drapcho, Nghiem Phu Nhuan, Terry H. Walker.
260 ## - PUBLICATION, DISTRIBUTION, ETC. (IMPRINT)
Place of publication, distribution, etc New York :
Name of publisher, distributor, etc McGraw-Hill,
Date of publication, distribution, etc c2008.
300 ## - PHYSICAL DESCRIPTION
Extent xi, 371 p. :
Other physical details ill., maps ;
Dimensions 24 cm.
500 ## - GENERAL NOTE
General note Includes Index.
504 ## - BIBLIOGRAPHY, ETC. NOTE
Bibliography, etc Includes bibliographical references and index.
650 #0 - SUBJECT ADDED ENTRY--TOPICAL TERM
Topical term or geographic name as entry element Manufacturing processes.
9 (RLIN) 11613
650 #0 - SUBJECT ADDED ENTRY--TOPICAL TERM
Topical term or geographic name as entry element Production engineering.
9 (RLIN) 11614
650 #0 - SUBJECT ADDED ENTRY--TOPICAL TERM
9 (RLIN) 11612
Topical term or geographic name as entry element Biomass energy
700 1# - ADDED ENTRY--PERSONAL NAME
Personal name Nhuan, Nghiem Phu.
9 (RLIN) 11615
700 1# - ADDED ENTRY--PERSONAL NAME
Personal name Walker, Terry H.
9 (RLIN) 11616
856 41 - ELECTRONIC LOCATION AND ACCESS
Materials specified Table of contents only
Uniform Resource Identifier <a href="http://www.loc.gov/catdir/toc/ecip0821/2008027103.html">http://www.loc.gov/catdir/toc/ecip0821/2008027103.html</a>
942 ## - ADDED ENTRY ELEMENTS (KOHA)
Source of classification or shelving scheme Dewey Decimal Classification
Item type Book - Borrowing
Holdings
Withdrawn status Item status Source of classification or shelving scheme Damaged status Not for loan Vendor Home library Current library Shelving location Date acquired Source of acquisition Cost, normal purchase price Serial Enumeration / chronology Total Checkouts Total Renewals Full call number Barcode Date last seen Date last borrowed Koha item type
    Dewey Decimal Classification     Alahram Central Library Central Library First floor 22/02/2010   750.00 27 4 57 662.88 DRA 000019912 15/07/2025 12/02/2024 Book - Borrowing